Responses for Show #3181 - Monday, June 1, 1998

Lara Robillard game 5.

Contestants

[<< previous game]

Lorin Burte, a regional financial officer from Homewood, Illinois

Mel Banashek, a freelance writer from New York City, New York

Lara Robillard, a director of health policy from Arlington, Virginia (whose 4-day cash winnings total $49,100)

[next game >>]

Jeopardy! Round responses

STATE CAPITALS
THE MOVIES
IMPORTS
ANIMALS
WHIPS & CHAINS
"C" OF LOVE
    $100 11
Albany

Lara
    $100 1
An American Werewolf in Paris

Mel
    $100 16
Volvo

Lara
    $100 21
the eagle

Lorin
    $100 6
a chain gang

Mel
    $100 22
Cupid

Lorin
    $200 12
Juneau

Lorin
    $200 2
Quentin Tarantino

Lara
    $200 17
(Lorin: What is Evian?)

Perrier

MelLorin
    $200 27
the penguin

Mel
    $200 7
Cat o' Nine Tails

Lorin
    $200 23
cold feet

Lorin
    $300 13
Bismarck

Lorin
    $300 3
(2 of) GoldenEye, Goldfinger & The Man with the Golden Gun

Lara
    $300 18
(Lara: What is Kawasaki?)

Yamaha

LaraMel
    $300 28
[Like Timon in The Lion King]

meerkats

Mel
    $300 8
Devo

Lorin
    $300 24
a chaperone

Lorin
    $400 14
Santa Fe

Lorin
    $250 4
Coneheads

Lara
    $400 19
Dublin

Lara
    $400 29
the camel

Lorin
    $400 9
(Mel: What is Congressional whip?)

majority whip

MelLorin
    $400 25
Cordelia

Lorin
    $500 15
Montgomery, Alabama

Lorin
    $500 5
Fred MacMurray

Lara
    $500 20
Benetton

Mel
    $500 30
the hippopotamus

Lorin
    $500 10
(Mel: What is chain metal?)

chain mail

MelLorin
    $500 26
con amore

Lara

Scores at the first commercial break (after clue 15):

Lara Mel Lorin
$1,350 -$700 $2,800

Scores at the end of the Jeopardy! Round:

Lara Mel Lorin
$2,050 $800 $4,600

Double Jeopardy! Round responses

GENESIS
"X"ODUS
JUDGES
PROVERBS
ACTS
REVELATION
    $200 3
The Big Bang Theory

Lara
    $200 11
Xerox

Lara
    $200 16
Miss America

Lara
    $200 1
The early bird

Lara
    $200 21
The Importance of Being Earnest

Mel
    $200 26
(Lorin: What is Mercury?)

Earth

Lorin
Triple Stumper
    $400 7
Bolsheviks

Lorin
    $400 12
Xavier

Lara
    $400 17
Judge Roy Bean

Lorin
    $400 2
Exception

Lorin
    $400 22
12 Angry Men

Lorin
    $400 27
Silent Spring

Lara
    $600 8
Peter Gabriel

Lara
    $600 13
Xmas

Lara
    $600 18
(Lara: Who is Olga Korbut?)

Nadia Comaneci

LaraLorin
    $600 4
"You can lead a horse to water, but you can't make him drink"

Lara
    $600 23
Death Of A Salesman

Mel
    $600 28
Litmus paper

Mel
    $800 9
Virginia Dare

Lara
    $2,000 14
Xenophobia

Lara
    $800 19
World Court

Lorin
    $1,000 5
Teach

Lara
    $800 24
Rhinoceros

Lara
    $800 29
Heinrich Schliemann

Mel
    $1000 10
(Lara: Who is Will Durant?)

Arnold Toynbee

LaraLorin
    $1000 15
XYZ Affair

Lorin
    $1000 20
Venice

Lara
    $1000 6
Ecclesiastes

Lorin
    $1000 25
Equus

Lara
    $1000 30
Thermography

Mel

Scores at the end of the Double Jeopardy! Round:

Lara Mel Lorin
$10,450 $4,000 $10,400

[wagering suggestions for these scores]

Final Jeopardy! Round responses

SHIPS
(Alex: Lara, you're taking home cash, $59,500, but which of our prizes did you select?)
(Lara: The Tahoe.)
(Alex: Congratulations, we'll see you in our Tournament of Champions. Three new players tomorrow. See you then!)
MelWhat is the Bounty?
$1
LorinWhat is the Endeavor?
$2,300
LaraWhat is Rainbow Warrior The Bounty
$50
The Rainbow Warrior (of Greenpeace)

Final scores:

Lara Mel Lorin
$10,400 $3,999 $8,100
5-day champion: $59,500 3rd place: Trip on Amtrak's Coast Starlight between Los Angeles & Seattle 2nd place: Trip to Hotel Melia Victoria, Palma de Majorca, Spain

Game dynamics:

Coryat scores:

Lara Mel Lorin
$9,200 $4,000 $10,400
23 R
(including 3 DDs),
3 W
12 R,
2 W
24 R,
2 W

Combined Coryat: $23,600

[game clues] [game scores] [suggest correction]

Game tape date: Unknown
The J! Archive is created by fans, for fans. Scraping, republication, monetization, and malicious use prohibited; this site may use cookies and collect identifying information. See terms. The Jeopardy! game show and all elements thereof, including but not limited to copyright and trademark thereto, are the property of Jeopardy Productions, Inc. and are protected under law. This website is not affiliated with, sponsored by, or operated by Jeopardy Productions, Inc. Join the discussion at JBoard.tv.